| 000 | 00405 a2200145 4500 | ||
|---|---|---|---|
| 020 | _a8173590923 | ||
| 040 |
_aDLC _bDLC |
||
| 082 | _a658.456 | ||
| 100 | _aBarker, Alan. | ||
| 245 |
_aMaking meetings work: a paractical guide _cAlan Barker. |
||
| 260 |
_aNew Delhi : _bSterling Publishers Pvt. Ltd., _c1998. |
||
| 300 |
_axi, 99 p. : _bill. ; _c22 cm. |
||
| 650 | _aMeetings. | ||
| 942 |
_cBK _k658.456 BAR _2ddc |
||
| 999 |
_c8832 _d8832 |
||